000 01008nam0a22002531 4500
001 rc\4192612
005 20260406205753.0
021 _aRU
_b[52-3204]
035 _a(NLR Aleph) 008198071
090 _a8018946
_c8018946
100 _a20130415d1952 |||y0rusy50 ca
101 0 _arus
102 _aRU
105 _aa z |||||
200 1 _aТочное литье
_e[Сборник статей]
_fВсесоюз. науч. инж.-техн. о-во литейщиков "ВНИТОЛ". Ленингр. отд-ние
210 _aМосква
_aЛенинград
_cМашгиз. [Ленингр. отд-ние]
_d1952
215 _a168 с.
_cил.
_d22
606 _aЛитье точное
_jСборники
_2psbo
712 0 2 _aВсесоюзное науч. инж.-техн. о-во литейщиков
_bЛенинградское отделение
_3RU\NLR\AUTH\889966446
_9429232
801 0 _aRU
_bNLR
_gpsbo
801 1 _aRU
_bELAR
_2rusmarc
852 _aNLR
_jТ-36 Г-5/781
942 _cBOOK
980 _aNB